| 000 | 01103naa a2200289 c 4500 | ||
|---|---|---|---|
| 001 | 49474 | ||
| 999 |
_c49474 _d49474 |
||
| 003 | ES-MaCES | ||
| 005 | 20170529124207.0 | ||
| 008 | 170529s2017 sp ||||| t||||||| ||spa d | ||
| 040 |
_aES-MaCES _bspa _cES-MaCES _dES-MaCES |
||
| 100 | 1 |
_923834 _aSempere Navarro, Antonio Vicente |
|
| 245 | 1 | 4 |
_aLas propuestas laborales de FIDE _cAntonio Vicente Sempere Navarro |
| 610 | 1 | 4 |
_938124 _aFIDE |
| 650 | 4 |
_928369 _arelaciones laborales |
|
| 650 | 4 |
_928290 _apolítica laboral |
|
| 650 | 4 |
_928362 _anegociación colectiva |
|
| 650 | 4 |
_930664 _aconcertación social |
|
| 650 | 4 |
_928327 _acondiciones de trabajo |
|
| 650 | 4 |
_929000 _aempleo temporal |
|
| 650 | 4 |
_930174 _aflexibilidad del trabajo |
|
| 650 | 4 |
_928214 _aproductividad del trabajo |
|
| 650 | 4 |
_928986 _ainforme |
|
| 653 | 1 | 0 | _aRelaciones laborales-Empleo |
| 773 | 0 |
_985973 _dMadrid (Ignacio Ellacuría, 3, 28017) Civitas _o088871 _tNueva revista española de Derecho del trabajo _w(ES-MaCES)25060 _gn. 195 (feb. 2017) {10040 R. 088871} ;p. 15-29 |
|
| 902 | _aART Artículo de revista | ||
| 942 |
_2CES _cAR _h2.0. |
||